駅名に「柳」が含まれる駅 - Statistics

General Stats
  • This quiz has been taken 143 times
  • The average score is 13 of 31
Answer Stats
市区町村 Answer % Correct
鈴鹿市
97%
柳井市 柳井
79%
登米市 柳津
71%
岐阜市 柳津
71%
板柳町 板柳
68%
岡山市 柳川
67%
柳川市 西鉄柳川
64%
岩国市 柳瀬
53%
青森市 小柳
49%
白山市 小柳
49%
茅野市 青柳
49%
横手市 柳田
45%
柏市 高柳
45%
柳井市 柳井港
45%
宇佐市 柳ケ浦
40%
志木市 柳瀬川
38%
柳津町 会津柳津
37%
新宿区 牛込柳町
37%
西東京市 西武柳沢
37%
北上市 柳原
36%
加須市 柳生
36%
長野市 柳原
36%
松山市 柳原
36%
天理市 柳本
26%
京都市 出町柳
24%
藤沢市 柳小路
23%
大垣市 美濃青柳
22%
ひたちなか市 常陸青柳
15%
豊橋市 柳生橋
15%
深浦町 陸奥柳田
7%
函館市 青柳町
5%
No matching quizzes found
Score Distribution
Percent of People with Each Score
Percentile by Number Answered
Your Score History
You have not taken this quiz